000 00587nam a2200241Ia 4500
003 OSt
005 20220912153049.0
006 a|||||r|||| 00| 0
007 ta
008 220909b |||||||| |||| 00| 0 eng d
024 _a22781
037 _cTextual
040 _aCSL
_beng
_cCSL
041 _aeng
082 _aB331, L1
100 _aReid William T
245 0 _aOrdinary differential equations
260 _c1971
300 _ap.
_ccm.
650 _aOrdinary differential equations
942 _hB331, L1
_cTEXL
_2CC
999 _c97538
_d97538